000 00321 a2200109 4500
001 ART_30349
005 20260410161858.0
008 260409a
245 1 0 _aEl gasto educativo en Córdoba 1984-1987
100 1 _aBarone, Sergio
773 0 _tRevista de Economía
_g- Nº 52 (mayo/ago. 1988)
_wREV11077
999 _c25622
_d25622